| 000 | 00487cam a2200181ua 4500 | ||
|---|---|---|---|
| 001 | 906 | ||
| 008 | 110423n ii |||gr||||Z||||||eng | ||
| 040 | _cMAIN | ||
| 082 | _a347.54 | ||
| 245 | 1 |
_aJudiciary vis a vis parliament & executive. _cBy Anil B Divan. |
|
| 250 | _a1st. | ||
| 260 |
_aBombay.: _bForum of free enterprise. |
||
| 300 | _a27 p.:5 cm. | ||
| 653 | _aPolitical science. | ||
| 653 | _aJudiciary vis a vis parliament & executive. | ||
| 700 | 1 | _aDivan, Anil B., | |
| 942 | _cBK | ||
| 999 |
_c829 _d829 |
||